000 01016nam a22002537a 4500
005 20170123164145.0
010 _aB-201095
020 _c150.00
_a8186745106
035 _aB-201095
037 _bCen Lib / Ret
_a
040 _aDPL
_bPN
082 _a
_bਬਸੰਤ
100 _aਬਸੰਤ ਕੁਮਾਰ ਰਤਨ
_942591
245 _aਨਿੱਕੀ ਝਾੰਨਾਂ :
_cਬਸੰਤ ਕੁਮਾਰ ਰਤਨ
_bਨਾਵਲ /
246 _aNikki jhannan : punjabi novel /
_bby Basant Kumar Rattan
260 _aਦਿੱਲੀ
_bਸਤਵੰਤ ਬੂਕ ਏਜੇੰਸ਼ੀ
_c2006
270 _bਦਿੱਲੀ
_a32-ਬੀ ਪਲਈਅਰ ਗਾਰਡਨ ਮਾਰਕੇਟ ਚਾਂਦਨੀ ਚੋਕ
_e110006
300 _a270p.
_c22cm(Hb)
650 _aਸਾਹਿਤ -- ਪੰਜਾਬੀ
_9121632
650 _aਪੰਜਾਬੀ ਨਾਵਲ
_9121633
650 _aLiterature -- Punjabi
_9114104
650 _aPunjabi Novel
_96285
942 _2ddc
_cPN
_h
_mਬਸੰਤ
999 _c109967
_d109967